Introducción a la titularización : (Registro nro. 8057)

Detalles MARC
000 -LEADER
fixed length control field 00754nam a2200193Ia 4500
003 - CONTROL NUMBER IDENTIFIER
control field OSt
005 - DATE AND TIME OF LATEST TRANSACTION
control field 20210714193444.0
008 - FIXED-LENGTH DATA ELEMENTS--GENERAL INFORMATION
fixed length control field 210310s1994 ck gr 000 0 spa d
040 ## - CATALOGING SOURCE
Original cataloging agency CO-JMCR
Transcribing agency CO-JMCR
041 0# - LANGUAGE CODE
Language code of text/sound track or separate title spa
082 04 - DEWEY DECIMAL CLASSIFICATION NUMBER
Classification number 346.092 /
Item number M285i
Edition number 23
100 1# - MAIN ENTRY--PERSONAL NAME
Personal name Manrique Nieto, Carlos Eduardo,
9 (RLIN) 16212
Relator term autor
245 10 - TITLE STATEMENT
Title Introducción a la titularización :
Remainder of title aspectos jurídicos /
Statement of responsibility, etc. Carlos E. Manrique Nieto
260 ## - PUBLICATION, DISTRIBUTION, ETC.
Place of publication, distribution, etc. Bogotá :
Name of publisher, distributor, etc. Asobancaria,
Date of publication, distribution, etc. 1994
300 ## - PHYSICAL DESCRIPTION
Extent 73 páginas ;
Dimensions 27 cm.
505 0# - FORMATTED CONTENTS NOTE
Formatted contents note Instituciones jurídicas involucradas en el proceso -- La titularización visión general -- Principales operaciones del proceso -- Regulación de la titularización en Colombia
650 14 - SUBJECT ADDED ENTRY--TOPICAL TERM
Topical term or geographic name entry element Valores
9 (RLIN) 16214
Geographic subdivision Colombia
942 ## - ADDED ENTRY ELEMENTS (KOHA)
Source of classification or shelving scheme Dewey Decimal Classification
Koha item type Books
Existencias
Withdrawn status Lost status Source of classification or shelving scheme Damaged status Not for loan Collection code Home library Current library Date acquired Source of acquisition Total Checkouts Full call number Barcode Date last seen Date last checked out Copy number Koha item type Public note
    Dewey Decimal Classification     Non-fiction Biblioteca Pública José María del Castillo y Rada Biblioteca Pública José María del Castillo y Rada 04/15/2018 Donación 1 346.092 / M285i 430002918 06/16/2025 06/13/2025 Ej.1 Books Exlibris: Nota en portada con esfero negro